| 000 | 00522cam a2200193ua 4500 | ||
|---|---|---|---|
| 001 | 6046 | ||
| 008 | 131106n xxu |||gr||||Z||||||eng | ||
| 020 | _a0-631-20295-1 | ||
| 040 | _cMAIN | ||
| 082 | _a930.1 | ||
| 100 |
_aJohnson,Mathew, _eAuthor. |
||
| 245 |
_aArchaeological Theory : _bAn Introduction / _cBy Matthew Johnson . |
||
| 250 | _a1st Indian rep. | ||
| 260 |
_aMalden: _bBlackwell Publishers, _c2002. |
||
| 300 | _ax,232p. | ||
| 653 | _aHistory & geography | ||
| 653 | _aArchaeological Theory | ||
| 942 | _cBK | ||
| 999 |
_c5199 _d5199 |
||